000 01020 a2200265 4500
999 _c10417
_d10417
020 _a9781455728107
020 _a1455728101
050 0 0 _aRC76 JAV 2016
100 1 _aJarvis, Carolyn,
_eauthor.
245 1 0 _aPhysical examination & health assessment /
_cCarolyn Jarvis, original illustrations by Pat Thomas, assessment photographs by Kevin Strandberg
250 _a7th edition.
264 1 _aSt. Louis, Missouri :
_bElsevier,
_c2016
300 _axv, 874 pages :
_billustrations (chiefly color), portrait ;
500 _aIncludes bibliographical references and index.
504 _aIncludes bibliographical references and index.
650 0 _aPhysical diagnosis.
650 0 _aNursing assessment.
650 1 2 _aPhysical Examination
_xmethods.
650 2 2 _aMedical History Taking
_xmethods.
650 2 2 _aNursing Assessment
_xmethods.
650 7 _aNursing assessment.
650 7 _aPhysical diagnosis.
942 _2lcc
_cBK
_h76
_iJAR
_kRC